[Event "Guillermo Garcia Memorial-A 10th"]
[Site "Santa Clara"]
[Date "2002.05.20"]
[Round "2"]
[White "Hernandez Onna, Roman"]
[Black "Fernandez Cardoso, Alexey"]
[Result "0-1"]
[WhiteElo "2417"]
[BlackElo "2388"]
[PlyCount "96"]
[EventDate "2002.05.04"]
[EventType "tourn"]
[EventRounds "11"]
[EventCountry "CUB"]
[EventCategory "8"]
[SourceTitle "CBM 088 ext"]
[Source "ChessBase"]
[SourceDate "2002.07.01"]
[SourceVersion "2"]
[SourceVersionDate "2002.07.01"]
[SourceQuality "1"]

1. d4 Nf6 2. Nf3 e6 3. c4 c5 4. e3 cxd4 5. exd4 d5 6. Nc3 Be7 7. Bd3 Nc6 8. O-O
Nb4 9. c5 O-O 10. Bb1 b6 11. a3 Nc6 12. b4 bxc5 13. bxc5 Ba6 14. Re1 Bc4 15.
Bf4 Qa5 16. Qd2 Nd7 17. Re3 Rfe8 18. h4 e5 19. Nxe5 Ndxe5 20. Bxe5 Nxe5 21.
Rxe5 Bf6 22. Re3 Rxe3 23. Qxe3 Kf8 24. Bxh7 Re8 25. Qg3 g6 26. Rd1 Kg7 27. Bxg6
fxg6 28. h5 g5 29. Qf3 Qd8 30. Qf5 Kh8 31. Qg6 Qe7 32. g3 Rf8 33. Qh6+ Kg8 34.
Qg6+ Qg7 35. Qf5 Bxd4 36. Qe6+ Kh8 37. Nxd5 Bxf2+ 38. Kg2 Bxc5 39. Qe4 Qb2+ 40.
Kh3 Qe2 41. Qxe2 Bxe2 42. Rc1 Bxa3 43. Rc7 Bf3 44. Rxa7 Bxd5 45. Rxa3 Be6+ 46.
Kg2 Kg7 47. Ra6 Rf6 48. Kh2 Bg4 0-1

[Event "Guillermo Garcia Memorial-A 10th"]
[Site "Santa Clara"]
[Date "2002.05.22"]
[Round "4"]
[White "Hernandez Onna, Roman"]
[Black "Quesada Perez, Yuniesky"]
[Result "1/2-1/2"]
[WhiteElo "2417"]
[BlackElo "2411"]
[PlyCount "22"]
[EventDate "2002.05.04"]
[EventType "tourn"]
[EventRounds "11"]
[EventCountry "CUB"]
[EventCategory "8"]
[SourceTitle "CBM 088 ext"]
[Source "ChessBase"]
[SourceDate "2002.07.01"]
[SourceVersion "2"]
[SourceVersionDate "2002.07.01"]
[SourceQuality "1"]

1. d4 Nf6 2. Nf3 e6 3. c4 c5 4. e3 cxd4 5. exd4 d5 6. Nc3 Be7 7. cxd5 Nxd5 8.
Bc4 Nc6 9. O-O O-O 10. a3 Nxc3 11. bxc3 b6 1/2-1/2

[Event "Guillermo Garcia Memorial-A 10th"]
[Site "Santa Clara"]
[Date "2002.05.24"]
[Round "6"]
[White "Hernandez Onna, Roman"]
[Black "Borges Mateos, Juan"]
[Result "1/2-1/2"]
[WhiteElo "2417"]
[BlackElo "2438"]
[PlyCount "20"]
[EventDate "2002.05.04"]
[EventType "tourn"]
[EventRounds "11"]
[EventCountry "CUB"]
[EventCategory "8"]
[SourceTitle "CBM 088 ext"]
[Source "ChessBase"]
[SourceDate "2002.07.01"]
[SourceVersion "2"]
[SourceVersionDate "2002.07.01"]
[SourceQuality "1"]

1. d4 d5 2. c4 e6 3. Nc3 Nf6 4. Bg5 Be7 5. Nf3 O-O 6. e3 Nbd7 7. Rc1 c6 8. Bd3
dxc4 9. Bxc4 Nd5 10. Bxe7 Qxe7 1/2-1/2

[Event "Guillermo Garcia Memorial-A 10th"]
[Site "Santa Clara"]
[Date "2002.05.25"]
[Round "7"]
[White "Herrera, Irisberto"]
[Black "Hernandez Onna, Roman"]
[Result "1-0"]
[WhiteElo "2474"]
[BlackElo "2417"]
[PlyCount "75"]
[EventDate "2002.05.04"]
[EventType "tourn"]
[EventRounds "11"]
[EventCountry "CUB"]
[EventCategory "8"]
[SourceTitle "CBM 088 ext"]
[Source "ChessBase"]
[SourceDate "2002.07.01"]
[SourceVersion "2"]
[SourceVersionDate "2002.07.01"]
[SourceQuality "1"]

1. e4 e5 2. Nf3 Nc6 3. Bb5 a6 4. Ba4 Nf6 5. O-O Be7 6. Re1 b5 7. Bb3 d6 8. c3
O-O 9. h3 Na5 10. Bc2 c5 11. d4 Nc6 12. d5 Na5 13. b3 g6 14. a4 Rb8 15. axb5
axb5 16. Bh6 Re8 17. Nbd2 Nh5 18. b4 Nb7 19. Be3 c4 20. Nf1 Bd7 21. Qd2 Ra8 22.
g4 Ng7 23. Ng3 Qc7 24. Nh2 Bh4 25. Kg2 Rec8 26. f4 f6 27. Nf3 Bxg3 28. Kxg3 Nd8
29. f5 g5 30. h4 h6 31. hxg5 hxg5 32. Qh2 Nf7 33. Rh1 Rxa1 34. Qh7+ Kf8 35.
Rxa1 Qd8 36. Rh1 Ra8 37. Qg6 Kg8 38. Bxg5 1-0

[Event "Capablanca Memorial Premier II 38th"]
[Site "Havana"]
[Date "2003.05.06"]
[Round "1"]
[White "Gonzalez Rodriguez, Jorge Armando"]
[Black "Hernandez Onna, Roman"]
[Result "0-1"]
[WhiteElo "2353"]
[BlackElo "2403"]
[PlyCount "104"]
[EventDate "2003.05.06"]
[EventType "tourn"]
[EventRounds "13"]
[EventCountry "CUB"]
[EventCategory "8"]
[SourceTitle "CBM 094 ext"]
[Source "ChessBase"]
[SourceDate "2003.07.09"]
[SourceVersion "2"]
[SourceVersionDate "2003.07.09"]
[SourceQuality "1"]

1. b3 Nf6 2. Bb2 d5 3. e3 e6 4. Nf3 Be7 5. d4 O-O 6. Bd3 Nbd7 7. Nbd2 b6 8. e4
dxe4 9. Nxe4 Bb7 10. Qe2 Nxe4 11. Bxe4 Bxe4 12. Qxe4 Nf6 13. Qe2 Qd5 14. O-O-O
b5 15. Kb1 b4 16. Rhe1 a5 17. Qc4 c6 18. Ne5 Rfc8 19. g4 a4 20. f3 Qb5 21. f4
Nd5 22. f5 exf5 23. Qxb5 cxb5 24. gxf5 Rc7 25. Rd2 Kf8 26. Nd3 Rd8 27. Re4 Bd6
28. Nc5 a3 29. Ba1 Nc3+ 30. Bxc3 bxc3 31. Rd3 Bxc5 32. dxc5 Rxd3 33. cxd3 Rxc5
34. f6 gxf6 35. Kc2 Rh5 36. h4 Rf5 37. Kxc3 Rf2 38. Rb4 Rxa2 39. Rxb5 Ra1 40.
Ra5 f5 41. b4 f4 42. Kb3 a2 43. Rd5 Rb1+ 44. Kxa2 Rxb4 45. Ka3 Rb6 46. Rf5 Rd6
47. Rxf4 Rxd3+ 48. Kb4 Kg7 49. Kc4 Rd7 50. Kc5 f6 51. Kc6 Rd1 52. Ra4 Kg6 0-1

[Event "Capablanca Memorial Premier II 38th"]
[Site "Havana"]
[Date "2003.05.07"]
[Round "2"]
[White "Hernandez Onna, Roman"]
[Black "Baches Garcia, Guillermo"]
[Result "1/2-1/2"]
[WhiteElo "2403"]
[BlackElo "2397"]
[PlyCount "22"]
[EventDate "2003.05.06"]
[EventType "tourn"]
[EventRounds "13"]
[EventCountry "CUB"]
[EventCategory "8"]
[SourceTitle "CBM 094 ext"]
[Source "ChessBase"]
[SourceDate "2003.07.09"]
[SourceVersion "2"]
[SourceVersionDate "2003.07.09"]
[SourceQuality "1"]

1. d4 d5 2. Nf3 Nc6 3. Bf4 Bg4 4. e3 e6 5. Be2 Bd6 6. Bg3 Nge7 7. Nbd2 O-O 8.
O-O Nf5 9. c4 Nce7 10. c5 Bxg3 11. hxg3 c6 1/2-1/2

[Event "Capablanca Memorial Premier II 38th"]
[Site "Havana"]
[Date "2003.05.08"]
[Round "3"]
[White "Hernandez Carmenates, Holden"]
[Black "Hernandez Onna, Roman"]
[Result "1/2-1/2"]
[WhiteElo "2413"]
[BlackElo "2403"]
[PlyCount "52"]
[EventDate "2003.05.06"]
[EventType "tourn"]
[EventRounds "13"]
[EventCountry "CUB"]
[EventCategory "8"]
[SourceTitle "CBM 094 ext"]
[Source "ChessBase"]
[SourceDate "2003.07.09"]
[SourceVersion "2"]
[SourceVersionDate "2003.07.09"]
[SourceQuality "1"]

1. e4 d6 2. d4 Nf6 3. Nc3 g6 4. f3 a6 5. Be3 b5 6. Qd2 Bb7 7. h4 h5 8. Nh3 Nbd7
9. a4 c6 10. Ng5 Bg7 11. f4 Ng4 12. e5 Nf8 13. O-O-O d5 14. Kb1 Bc8 15. Qe1 Bf5
16. Bd3 e6 17. Bxf5 gxf5 18. Bd2 Nd7 19. a5 Bf8 20. Na2 Be7 21. Bb4 Bxb4 22.
Qxb4 Nf2 23. Qd6 Rc8 24. b4 Qe7 25. Qxe7+ Kxe7 26. Nc1 Nxh1 1/2-1/2

[Event "Capablanca Memorial Premier II 38th"]
[Site "Havana"]
[Date "2003.05.10"]
[Round "5"]
[White "Borges Mateos, Juan"]
[Black "Hernandez Onna, Roman"]
[Result "1/2-1/2"]
[WhiteElo "2453"]
[BlackElo "2403"]
[PlyCount "27"]
[EventDate "2003.05.06"]
[EventType "tourn"]
[EventRounds "13"]
[EventCountry "CUB"]
[EventCategory "8"]
[SourceTitle "CBM 094 ext"]
[Source "ChessBase"]
[SourceDate "2003.07.09"]
[SourceVersion "2"]
[SourceVersionDate "2003.07.09"]
[SourceQuality "1"]

1. e4 e5 2. Nf3 Nc6 3. Bb5 a6 4. Ba4 Nf6 5. O-O Be7 6. Re1 b5 7. Bb3 d6 8. c3
O-O 9. h3 Na5 10. Bc2 c5 11. d4 Qc7 12. Nbd2 Nc6 13. d5 Nd8 14. a4 1/2-1/2

[Event "Capablanca Memorial Premier II 38th"]
[Site "Havana"]
[Date "2003.05.13"]
[Round "8"]
[White "Gongora Reyes, Maikel"]
[Black "Hernandez Onna, Roman"]
[Result "1/2-1/2"]
[WhiteElo "2406"]
[BlackElo "2403"]
[PlyCount "60"]
[EventDate "2003.05.06"]
[EventType "tourn"]
[EventRounds "13"]
[EventCountry "CUB"]
[EventCategory "8"]
[SourceTitle "CBM 094 ext"]
[Source "ChessBase"]
[SourceDate "2003.07.09"]
[SourceVersion "2"]
[SourceVersionDate "2003.07.09"]
[SourceQuality "1"]

1. e4 e5 2. Nf3 Nc6 3. Bb5 a6 4. Ba4 Nf6 5. O-O Be7 6. Re1 b5 7. Bb3 d6 8. c3
O-O 9. h3 Na5 10. Bc2 c5 11. d4 Nc6 12. d5 Na5 13. b3 Re8 14. Be3 g6 15. Nbd2
Nb7 16. a4 Bd7 17. axb5 axb5 18. Qe2 Qc7 19. Bd3 Ra5 20. b4 Rxa1 21. Rxa1 c4
22. Bc2 Rb8 23. Ra7 Qc8 24. Qf1 Ra8 25. Qa1 Rxa7 26. Qxa7 Kg7 27. Kh2 Ne8 28.
Ng1 Nc7 29. Ne2 Qa8 30. Qxa8 Nxa8 1/2-1/2

[Event "Capablanca Memorial Premier II 38th"]
[Site "Havana"]
[Date "2003.05.14"]
[Round "9"]
[White "Hernandez Onna, Roman"]
[Black "Gonzalez Garcia, Jose"]
[Result "1/2-1/2"]
[WhiteElo "2403"]
[BlackElo "2429"]
[PlyCount "24"]
[EventDate "2003.05.06"]
[EventType "tourn"]
[EventRounds "13"]
[EventCountry "CUB"]
[EventCategory "8"]
[SourceTitle "CBM 094 ext"]
[Source "ChessBase"]
[SourceDate "2003.07.09"]
[SourceVersion "2"]
[SourceVersionDate "2003.07.09"]
[SourceQuality "1"]

1. d4 Nf6 2. c4 e6 3. Nc3 d5 4. Bg5 Nbd7 5. Nf3 Be7 6. e3 O-O 7. Rc1 dxc4 8.
Bxc4 a6 9. a4 c5 10. O-O cxd4 11. exd4 Nb6 12. Bb3 Nbd5 1/2-1/2

[Event "Guillermo Garcia Memorial-A 11th"]
[Site "Santa Clara"]
[Date "2003.??.??"]
[Round "2"]
[White "Hernandez Onna, Roman"]
[Black "Gonzalez Vidal, Yuri"]
[Result "0-1"]
[WhiteElo "2403"]
[BlackElo "2456"]
[PlyCount "58"]
[EventDate "2003.05.19"]
[EventType "tourn"]
[EventRounds "13"]
[EventCountry "CUB"]
[EventCategory "8"]
[SourceTitle "EXT 2007"]
[Source "ChessBase"]
[SourceDate "2006.11.23"]
[SourceVersion "1"]
[SourceVersionDate "2006.11.23"]
[SourceQuality "1"]

1. Nf3 Nf6 2. d4 e6 3. c4 d5 4. Nc3 Be7 5. Bg5 O-O 6. e3 Nbd7 7. Qc2 h6 8. h4
c5 9. O-O-O cxd4 10. Rxd4 dxc4 11. Bxc4 Qa5 12. Kb1 e5 13. Bxh6 exd4 14. Qg6
Nh5 15. Ng5 Bxg5 16. hxg5 Ne5 17. Qxh5 dxc3 18. Bd3 Qb6 19. b3 gxh6 20. Bc2 Bg4
21. Qh4 h5 22. f3 Ng6 23. Qf2 Rfd8 24. fxg4 Rd2 25. Qf5 Rxc2 26. Qxc2 Qxe3 27.
gxh5 Ne5 28. Rh3 Qg1+ 29. Qc1 c2+ 0-1

[Event "Guillermo Garcia Memorial-A 11th"]
[Site "Santa Clara"]
[Date "2003.??.??"]
[Round "3"]
[White "Quesada Perez, Yuniesky"]
[Black "Hernandez Onna, Roman"]
[Result "1/2-1/2"]
[WhiteElo "2420"]
[BlackElo "2403"]
[PlyCount "93"]
[EventDate "2003.05.19"]
[EventType "tourn"]
[EventRounds "13"]
[EventCountry "CUB"]
[EventCategory "8"]
[SourceTitle "EXT 2007"]
[Source "ChessBase"]
[SourceDate "2006.11.23"]
[SourceVersion "1"]
[SourceVersionDate "2006.11.23"]
[SourceQuality "1"]

1. e4 e5 2. Nf3 Nc6 3. Bb5 a6 4. Ba4 Nf6 5. O-O Be7 6. Re1 b5 7. Bb3 d6 8. c3
O-O 9. h3 Na5 10. Bc2 c5 11. d4 Qc7 12. Nbd2 cxd4 13. cxd4 Nc6 14. Nb3 a5 15.
Be3 a4 16. Nbd2 Bd7 17. a3 Rfe8 18. Rc1 Qb7 19. Bd3 Bd8 20. Qe2 Rb8 21. dxe5
Nxe5 22. Nxe5 dxe5 23. Bc5 Ba5 24. Red1 Rbc8 25. b4 axb3 26. Nxb3 Bb6 27. Qe3
Be6 28. Bxb6 Bxb3 29. Re1 Bc4 30. Bb1 Nd7 31. Ba5 Nc5 32. Bc3 Qa8 33. Bb2 f6
34. f4 exf4 35. Qxf4 Qa7 36. Kh1 Nd7 37. e5 Nxe5 38. Bxe5 fxe5 39. Rxe5 Rxe5
40. Qxe5 Qf7 41. Bd3 Re8 42. Qd4 Bxd3 43. Qxd3 Qf4 44. Qd5+ Kh8 45. Rb1 Qc4 46.
Qd7 Rb8 47. Qd6 1/2-1/2

[Event "Guillermo Garcia Memorial-A 11th"]
[Site "Santa Clara"]
[Date "2003.??.??"]
[Round "5"]
[White "Sequera Paolini, Jose"]
[Black "Hernandez Onna, Roman"]
[Result "1-0"]
[WhiteElo "2392"]
[BlackElo "2403"]
[PlyCount "115"]
[EventDate "2003.05.19"]
[EventType "tourn"]
[EventRounds "13"]
[EventCountry "CUB"]
[EventCategory "8"]
[SourceTitle "EXT 2007"]
[Source "ChessBase"]
[SourceDate "2006.11.23"]
[SourceVersion "1"]
[SourceVersionDate "2006.11.23"]
[SourceQuality "1"]

1. e4 c5 2. Nc3 Nc6 3. f4 g6 4. Nf3 Bg7 5. Bb5 Nd4 6. O-O Nxb5 7. Nxb5 d6 8. a4
Nf6 9. d3 Bg4 10. Qe1 O-O 11. Qh4 a6 12. Nc3 Bxf3 13. Rxf3 e6 14. f5 Nh5 15.
Bg5 Bf6 16. Bxf6 Qxf6 17. Qf2 Qd4 18. f6 Qxf2+ 19. Rxf2 g5 20. Ne2 b5 21. g4
Nf4 22. Nxf4 gxf4 23. Rxf4 Rfb8 24. a5 b4 25. b3 Rb5 26. Kg2 h6 27. h4 Kh7 28.
Kg3 Rg8 29. Rf2 h5 30. g5 e5 31. Kf3 Kg6 32. Ke3 Rgb8 33. Rff1 R8b7 34. Kd2 Rb8
35. Rfb1 R8b7 36. c4 bxc3+ 37. Kxc3 Rb4 38. Rb2 Rb8 39. Ra4 R4b5 40. b4 R8b7
41. Rc2 cxb4+ 42. Kb3 d5 43. Rc8 dxe4 44. dxe4 Rb8 45. Rxb8 Rxb8 46. Rxb4 Rd8
47. Kc3 Rc8+ 48. Rc4 Rd8 49. Kc2 Kh7 50. Rc5 Re8 51. Kc3 Kg6 52. Kc4 Kh7 53.
Rc7 Kg6 54. Kc5 Rb8 55. Kd6 Rb4 56. Kxe5 Rb5+ 57. Kf4 Rxa5 58. Rc8 1-0

[Event "Guillermo Garcia Memorial-A 11th"]
[Site "Santa Clara"]
[Date "2003.??.??"]
[Round "12"]
[White "Hernandez Onna, Roman"]
[Black "Fernandez Cardoso, Alexey"]
[Result "1-0"]
[WhiteElo "2403"]
[BlackElo "2373"]
[PlyCount "51"]
[EventDate "2003.05.19"]
[EventType "tourn"]
[EventRounds "13"]
[EventCountry "CUB"]
[EventCategory "8"]
[SourceTitle "EXT 2007"]
[Source "ChessBase"]
[SourceDate "2006.11.23"]
[SourceVersion "1"]
[SourceVersionDate "2006.11.23"]
[SourceQuality "1"]

1. Nf3 e6 2. c4 b6 3. Nc3 Bb7 4. e4 Bb4 5. Bd3 Nh6 6. a3 Bxc3 7. dxc3 f5 8. Bg5
Qc8 9. Bxh6 gxh6 10. exf5 O-O 11. O-O d6 12. Nd4 exf5 13. Qh5 Rf6 14. Bxf5 Qf8
15. Rae1 Na6 16. Be6+ Kh8 17. Bd5 Bxd5 18. cxd5 Nc5 19. Re3 Rg6 20. Rfe1 Qf7
21. Qh4 Rag8 22. Rg3 Nd3 23. Rxd3 Rxg2+ 24. Kf1 R8g4 25. Qd8+ Rg8 26. Rf3 1-0

[Event "Guillermo Garcia Memorial-A 11th"]
[Site "Santa Clara"]
[Date "2003.??.??"]
[Round "13"]
[White "Gonzalez Garcia, Jose"]
[Black "Hernandez Onna, Roman"]
[Result "1/2-1/2"]
[WhiteElo "2431"]
[BlackElo "2403"]
[PlyCount "33"]
[EventDate "2003.05.19"]
[EventType "tourn"]
[EventRounds "13"]
[EventCountry "CUB"]
[EventCategory "8"]
[SourceTitle "EXT 2007"]
[Source "ChessBase"]
[SourceDate "2006.11.23"]
[SourceVersion "1"]
[SourceVersionDate "2006.11.23"]
[SourceQuality "1"]

1. e4 e5 2. Nf3 Nc6 3. Bb5 a6 4. Ba4 Nf6 5. O-O Be7 6. Re1 b5 7. Bb3 d6 8. c3
O-O 9. h3 Na5 10. Bc2 c5 11. d4 Qc7 12. Nbd2 cxd4 13. cxd4 Nc6 14. d5 Nb4 15.
Bb1 a5 16. a3 Na6 17. b4 1/2-1/2

[Event "Balaguer op"]
[Site "Balaguer"]
[Date "2003.07.16"]
[Round "2"]
[White "Foisor, Sabina Francesca"]
[Black "Hernandez Onna, Roman"]
[Result "0-1"]
[WhiteElo "2057"]
[BlackElo "2420"]
[PlyCount "61"]
[EventDate "2003.07.14"]
[EventType "swiss"]
[EventRounds "9"]
[EventCountry "ESP"]
[SourceTitle "CBM 095 ext"]
[Source "ChessBase"]
[SourceDate "2003.09.04"]
[SourceVersion "1"]
[SourceVersionDate "2003.09.04"]
[SourceQuality "1"]

1. d4 Nf6 2. c4 e6 3. Nc3 Bb4 4. Qc2 c5 5. dxc5 Bxc5 6. Nf3 Qb6 7. e3 Qc7 8. b3
a6 9. Bb2 b6 10. g4 Bb7 11. Be2 h6 12. Rg1 Nc6 13. a3 Rc8 14. h4 h5 15. gxh5
Bf8 16. Rd1 Na5 17. e4 b5 18. e5 Nxh5 19. cxb5 Bd5 20. Rxd5 exd5 21. bxa6 d4
22. Nxd4 Qxe5 23. Qe4 Qxe4 24. Nxe4 Nf4 25. Bb5 Rxh4 26. Nd2 Rh5 27. b4 Nc6 28.
Nxc6 dxc6 29. Bc4 Ng6 30. Ne4 Rd8 31. a7 0-1

[Event "Balaguer op"]
[Site "Balaguer"]
[Date "2003.07.17"]
[Round "3"]
[White "Hernandez Onna, Roman"]
[Black "Codina Garcia, Jose"]
[Result "1/2-1/2"]
[WhiteElo "2420"]
[BlackElo "2181"]
[PlyCount "80"]
[EventDate "2003.07.14"]
[EventType "swiss"]
[EventRounds "9"]
[EventCountry "ESP"]
[SourceTitle "CBM 095 ext"]
[Source "ChessBase"]
[SourceDate "2003.09.04"]
[SourceVersion "1"]
[SourceVersionDate "2003.09.04"]
[SourceQuality "1"]

1. Nf3 d5 2. d4 c6 3. e3 Bf5 4. c4 e6 5. Qb3 Qb6 6. Bd2 Nd7 7. Be2 dxc4 8. Bxc4
Qxb3 9. Bxb3 Ngf6 10. O-O Bd6 11. Nc3 e5 12. Rfe1 O-O 13. e4 Bg4 14. Nxe5 Nxe5
15. dxe5 Bxe5 16. f3 Bd7 17. Be3 Rfe8 18. Rad1 Be6 19. Bxe6 Rxe6 20. Rd2 h6 21.
Ne2 Ree8 22. Red1 Bc7 23. Nd4 Bb6 24. Kf2 Rad8 25. Nf5 Rxd2+ 26. Rxd2 g6 27.
Bxb6 axb6 28. Ne3 b5 29. h3 Kf8 30. Ng4 Nxg4+ 31. hxg4 Ke7 32. Ke3 Ra8 33. a3
c5 34. Rd5 b6 35. Kd3 Ra4 36. Re5+ Kd7 37. g5 h5 38. Rd5+ Ke7 39. Re5+ Kd7 40.
Rd5+ Ke7 1/2-1/2

[Event "Balaguer op"]
[Site "Balaguer"]
[Date "2003.07.18"]
[Round "4"]
[White "Hernandez Onna, Roman"]
[Black "Martinez Lopez, Ivan"]
[Result "1/2-1/2"]
[WhiteElo "2420"]
[BlackElo "2181"]
[PlyCount "118"]
[EventDate "2003.07.14"]
[EventType "swiss"]
[EventRounds "9"]
[EventCountry "ESP"]
[SourceTitle "CBM 095 ext"]
[Source "ChessBase"]
[SourceDate "2003.09.04"]
[SourceVersion "1"]
[SourceVersionDate "2003.09.04"]
[SourceQuality "1"]

1. Nf3 d5 2. d4 c6 3. c4 Nf6 4. cxd5 cxd5 5. Nc3 Nc6 6. Bf4 e6 7. e3 Bb4 8. Bd3
O-O 9. O-O a6 10. Rc1 Bd6 11. Bg5 h6 12. Bh4 Be7 13. Bb1 Nd7 14. Qd3 f5 15.
Bxe7 Qxe7 16. Ne1 Nb6 17. f4 Bd7 18. Qe2 Na7 19. Nf3 Na4 20. Ne5 Nxc3 21. Rxc3
Rfc8 22. Rfc1 Rxc3 23. Rxc3 Rc8 24. Rxc8+ Nxc8 25. h3 Na7 26. Kh2 Nc6 27. Nxc6
Bxc6 28. Bd3 Qh4 29. Qd2 Qe7 30. Qc3 Qd7 31. b3 Bb5 32. Bc2 Qc6 33. Qxc6 Bxc6
34. Kg1 b5 35. b4 Kf7 36. Kf2 g6 37. g4 Be8 38. Kg3 Kg7 39. Kh4 Bd7 40. Bd1 Be8
41. Be2 Bd7 42. Kg3 Be8 43. Bf3 h5 44. gxf5 gxf5 45. Kh4 Kh6 46. Bd1 Bg6 47. a4
Bf7 48. axb5 axb5 49. Bc2 Be8 50. Bd3 Bd7 51. Bf1 Bc6 52. Bg2 Be8 53. Bf3 Bg6
54. Kg3 Kg7 55. Bd1 Bf7 56. Bf3 Bg6 57. Bg2 Be8 58. Bf3 Bg6 59. Bd1 Bf7 1/2-1/2

[Event "Balaguer op"]
[Site "Balaguer"]
[Date "2003.07.19"]
[Round "5"]
[White "Garcia Saez, Juan Carlos"]
[Black "Hernandez Onna, Roman"]
[Result "1/2-1/2"]
[WhiteElo "2169"]
[BlackElo "2420"]
[PlyCount "61"]
[EventDate "2003.07.14"]
[EventType "swiss"]
[EventRounds "9"]
[EventCountry "ESP"]
[SourceTitle "CBM 095 ext"]
[Source "ChessBase"]
[SourceDate "2003.09.04"]
[SourceVersion "1"]
[SourceVersionDate "2003.09.04"]
[SourceQuality "1"]

1. e4 d6 2. d4 Nf6 3. Bd3 e5 4. c3 Nc6 5. Ne2 Be7 6. O-O O-O 7. a3 d5 8. exd5
Qxd5 9. c4 Qd8 10. d5 e4 11. Bxe4 Nxe4 12. dxc6 bxc6 13. Nbc3 Qxd1 14. Rxd1
Nxc3 15. Nxc3 Be6 16. Re1 Bf6 17. Bf4 Rfc8 18. Rac1 Kf8 19. h3 Bd4 20. Na4 Rab8
21. Be5 Bxe5 22. Rxe5 Rd8 23. Ra5 Rd4 24. Rxa7 Bxc4 25. b4 Rc8 26. Nc5 Ke7 27.
Re1+ Kd6 28. Kh2 Bd5 29. Kg3 h5 30. Nb7+ Kd7 31. Na5 1/2-1/2

[Event "Balaguer op"]
[Site "Balaguer"]
[Date "2003.07.20"]
[Round "6"]
[White "Hernandez Onna, Roman"]
[Black "Cesar, Geovanny"]
[Result "1-0"]
[WhiteElo "2420"]
[BlackElo "2197"]
[PlyCount "73"]
[EventDate "2003.07.14"]
[EventType "swiss"]
[EventRounds "9"]
[EventCountry "ESP"]
[SourceTitle "CBM 095 ext"]
[Source "ChessBase"]
[SourceDate "2003.09.04"]
[SourceVersion "1"]
[SourceVersionDate "2003.09.04"]
[SourceQuality "1"]

1. c4 c5 2. Nf3 Nc6 3. Nc3 Nf6 4. g3 d6 5. Bg2 g6 6. d4 cxd4 7. Nxd4 Bd7 8. Nc2
Bg7 9. O-O Qc8 10. e4 Bh3 11. Qe2 Bxg2 12. Kxg2 h5 13. f3 h4 14. g4 Ne5 15. b3
h3+ 16. Kh1 Nfd7 17. Bb2 Nc5 18. Rad1 Ne6 19. Nd5 g5 20. Nce3 Rh7 21. Nf5 Bf8
22. Bxe5 dxe5 23. b4 Nf4 24. Qb2 f6 25. c5 Kf7 26. Qb3 Kg6 27. Nxf4+ gxf4 28.
Qg8+ Rg7 29. Qxg7+ Bxg7 30. Nxe7+ Kh6 31. Nxc8 Rxc8 32. Rd7 a5 33. a3 axb4 34.
axb4 b6 35. cxb6 Rb8 36. b7 Bf8 37. Rc1 1-0

[Event "Balaguer op"]
[Site "Balaguer"]
[Date "2003.07.21"]
[Round "7"]
[White "Varga, Zoltan"]
[Black "Hernandez Onna, Roman"]
[Result "1/2-1/2"]
[WhiteElo "2534"]
[BlackElo "2420"]
[PlyCount "72"]
[EventDate "2003.07.14"]
[EventType "swiss"]
[EventRounds "9"]
[EventCountry "ESP"]
[SourceTitle "CBM 095 ext"]
[Source "ChessBase"]
[SourceDate "2003.09.04"]
[SourceVersion "1"]
[SourceVersionDate "2003.09.04"]
[SourceQuality "1"]

1. e4 e5 2. Nf3 Nc6 3. Bb5 a6 4. Ba4 Nf6 5. O-O Be7 6. Bxc6 dxc6 7. d3 Nd7 8.
Nbd2 O-O 9. Nc4 Bf6 10. b3 Re8 11. Bb2 c5 12. a4 a5 13. h3 b6 14. Nh2 Nf8 15.
Ng4 Ng6 16. g3 Bg5 17. h4 Bxh4 18. gxh4 Qxh4 19. Nh2 Bh3 20. Qf3 Nf4 21. Rfe1
Re6 22. Nxe5 Rxe5 23. Bxe5 Qg5+ 24. Qg3 Qxe5 25. d4 cxd4 26. Nf3 Qf6 27. e5 Qh6
28. Ng5 Bg2 29. f3 Nh3+ 30. Kxg2 Nxg5 31. Rad1 c5 32. f4 Qc6+ 33. Kf1 Qh1+ 34.
Ke2 Qe4+ 35. Kf1 Qh1+ 36. Ke2 Qe4+ 1/2-1/2

[Event "Balaguer op"]
[Site "Balaguer"]
[Date "2003.07.22"]
[Round "8"]
[White "Hernandez Onna, Roman"]
[Black "Rizouk, Aimen"]
[Result "1/2-1/2"]
[WhiteElo "2420"]
[BlackElo "2501"]
[PlyCount "74"]
[EventDate "2003.07.14"]
[EventType "swiss"]
[EventRounds "9"]
[EventCountry "ESP"]
[SourceTitle "CBM 095 ext"]
[Source "ChessBase"]
[SourceDate "2003.09.04"]
[SourceVersion "1"]
[SourceVersionDate "2003.09.04"]
[SourceQuality "1"]

1. Nf3 d6 2. d4 g6 3. e4 Bg7 4. Be2 Nf6 5. Nc3 c6 6. a4 O-O 7. O-O Nbd7 8. Re1
e5 9. a5 exd4 10. Nxd4 Nc5 11. Bf1 Re8 12. f3 d5 13. Be3 Ne6 14. a6 Nxd4 15.
Bxd4 dxe4 16. Nxe4 Nxe4 17. Bxg7 Qxd1 18. Raxd1 Kxg7 19. Rxe4 Rxe4 20. fxe4 Bg4
21. Rd6 Rb8 22. b3 bxa6 23. Rxc6 Rc8 24. Rxc8 Bxc8 25. Kf2 a5 26. Ke3 Bd7 27.
Ba6 a4 28. bxa4 Bxa4 29. c4 Kf6 30. Kd4 Ke6 31. e5 f6 32. exf6 Kxf6 33. Kd5 Ke7
34. g3 Kd7 35. Bb5+ Bxb5 36. cxb5 Kc7 37. Kc5 Kb7 1/2-1/2

[Event "Carlos Torre Memorial op 16th"]
[Site "Merida"]
[Date "2003.12.13"]
[Round "2"]
[White "Hernandez Onna, Roman"]
[Black "Baldursson, Hrannar"]
[Result "1-0"]
[WhiteElo "2414"]
[BlackElo "2126"]
[PlyCount "80"]
[EventDate "2003.12.12"]
[EventType "swiss"]
[EventRounds "9"]
[EventCountry "MEX"]
[SourceTitle "CBM 097 ext"]
[Source "ChessBase"]
[SourceDate "2004.01.13"]
[SourceVersion "1"]
[SourceVersionDate "2004.01.13"]
[SourceQuality "1"]

1. d4 Nf6 2. Nf3 g6 3. c4 c5 4. Nc3 cxd4 5. Nxd4 Bg7 6. e4 d6 7. Be2 Bd7 8. O-O
O-O 9. Be3 Nc6 10. Rc1 a6 11. f3 Rc8 12. Qd2 Ne5 13. b3 Kh8 14. Kh1 Qa5 15.
Rfd1 Rfd8 16. Bf1 Be8 17. Qe1 e6 18. b4 Qc7 19. Nb3 b6 20. Qh4 Ng8 21. Bg5 f6
22. Be3 Qb7 23. Qf2 Nxc4 24. Bxc4 Rxc4 25. Bxb6 Rdc8 26. Na5 Qb8 27. Nxc4 Rxc4
28. a3 f5 29. Bd4 e5 30. Be3 Nf6 31. Qd2 fxe4 32. Qxd6 Qxd6 33. Rxd6 exf3 34.
gxf3 Kg8 35. Rxa6 Bc6 36. Kg2 Ng4 37. Bd2 Nh6 38. Ne4 Rxc1 39. Bxc1 Bb5 40.
Ra8+ Bf8 1-0